[Event "Borisoglebsk Bocharov Memorial"]
[Site "Borisoglebsk"]
[Date "2015.03.23"]
[Round "9"]
[White "Sukhinin, Vladislav"]
[Black "Skvortsov, Grigory"]
[Result "1-0"]
[WhiteElo "1801"]
[BlackElo "1834"]
[PlyCount "55"]
[EventDate "2015.03.19"]
[EventType "swiss"]
[EventRounds "9"]
[EventCountry "RUS"]
[SourceTitle "CBM 165 Extra"]
[Source "ChessBase"]
[SourceDate "2015.04.21"]
[SourceVersion "1"]
[SourceVersionDate "2015.04.21"]
[SourceQuality "1"]

1. b3 Nf6 2. Bb2 d5 3. h4 c5 4. h5 h6 5. e3 Nc6 6. Ne2 Bd7 7. Nf4 e6 8. Bb5 a6 9. Bxc6 Bxc6 10. Nd3 Rc8 11. Ne5 Qc7 12. Nxc6 Qxc6 13. Qf3 Rd8 14. c4 Ne4 15. d3 Ng5 16. Qg3 dxc4 17. f4 Nh7 18. dxc4 Nf6 19. Nc3 Ne4 20. Qf3 Nxc3 21. Qxc6+ bxc6 22. Bxc3 Be7 23. Ba5 Rd7 24. Ke2 0-0 25. Rad1 Rxd1 26. Rxd1 Ra8 27. Rd7 Kf8 28. Rb7 1-0

[Event "Borisoglebsk Bocharov Memorial"]
[Site "Borisoglebsk"]
[Date "2015.03.21"]
[Round "6"]
[White "Sukhinin, Vladislav"]
[Black "Artemov, Vladimir"]
[Result "1-0"]
[WhiteElo "1801"]
[BlackElo "1806"]
[PlyCount "97"]
[EventDate "2015.03.19"]
[EventType "swiss"]
[EventRounds "9"]
[EventCountry "RUS"]
[SourceTitle "CBM 165 Extra"]
[Source "ChessBase"]
[SourceDate "2015.04.21"]
[SourceVersion "1"]
[SourceVersionDate "2015.04.21"]
[SourceQuality "1"]

1. b3 d5 2. Bb2 c5 3. e3 Nc6 4. h4 Nf6 5. h5 e5 6. h6 g6 7. Bb5 Bd6 8. Bxc6+ bxc6 9. Qe2 0-0 10. f3 a5 11. Qf2 d4 12. e4 Be6 13. Nh3 Nd7 14. g3 f5 15. d3 fxe4 16. dxe4 c4 17. Ba3 c5 18. Nd2 c3 19. Nc4 Bc7 20. Bc1 Qf6 21. Ng5 Bxc4 22. bxc4 Bd8 23. 0-0 Qc6 24. Qe2 Rb8 25. Nh3 Qe6 26. Kg2 Be7 27. Bg5 Bd6 28. Rab1 Rb4 29. a3 Rb2 30. f4 Nb6 31. fxe5 Qxe5 32. Rxf8+ Bxf8 33. Rf1 Nd7 34. Bf4 Qe8 35. e5 Qe6 36. Rf2 Nb6 37. Qe4 Qxc4 38. Qe1 Qd5+ 39. Kh2 Be7 40. Bg5 Qd8 41. Bxe7 Qxe7 42. e6 Nd5 43. Qe5 Ne3 44. Qe4 Qb7 45. Qh4 Qc7 46. e7 Rb8 47. Nf4 Nf5 48. Nd5 Nxh4 49. Nxc7 1-0

[Event "Balashov-ch"]
[Site "Balashov"]
[Date "2014.12.21"]
[Round "8"]
[White "Skvortsov, Grigory"]
[Black "Sukhinin, Vladislav"]
[Result "1/2-1/2"]
[WhiteElo "1875"]
[BlackElo "1833"]
[PlyCount "42"]
[EventDate "2014.12.15"]
[EventType "swiss"]
[EventRounds "9"]
[EventCountry "RUS"]
[SourceTitle "CBM 164 Extra"]
[Source "ChessBase"]
[SourceDate "2015.03.02"]
[SourceVersion "1"]
[SourceVersionDate "2015.03.02"]
[SourceQuality "1"]

1. e4 g6 2. d4 Bg7 3. e5 d6 4. exd6 exd6 5. c3 Nf6 6. Bd3 0-0 7. Ne2 Nc6 8. Bf4 Re8 9. 0-0 Bd7 10. Nd2 a6 11. b4 Nd5 12. Bg3 b5 13. Re1 f5 14. h3 Qf6 15. Qc2 h6 16. Nf4 Nxf4 17. Bxf4 g5 18. Bh2 Rxe1+ 19. Rxe1 Re8 20. Rxe8+ Bxe8 21. d5 Ne7 1/2-1/2

[Event "Balashov-ch"]
[Site "Balashov"]
[Date "2014.12.19"]
[Round "5"]
[White "Sukhinin, Vladislav"]
[Black "Kochukova, Anna"]
[Result "0-1"]
[WhiteElo "1833"]
[BlackElo "1970"]
[PlyCount "63"]
[EventDate "2014.12.15"]
[EventType "swiss"]
[EventRounds "9"]
[EventCountry "RUS"]
[SourceTitle "CBM 164 Extra"]
[Source "ChessBase"]
[SourceDate "2015.03.02"]
[SourceVersion "1"]
[SourceVersionDate "2015.03.02"]
[SourceQuality "1"]

1. b3 e5 2. Bb2 Nc6 3. e3 d5 4. Bb5 Bd6 5. Nf3 Qe7 6. Nc3 Nf6 7. h3 a6 8. Bxc6+ bxc6 9. g4 h6 10. Qe2 a5 11. Qf1 Nd7 12. Qg2 Nb6 13. g5 e4 14. gxh6 exf3 15. Qxg7 Qf8 16. Nxd5 Rxh6 17. Nf6+ Kd8 18. Qxf8+ Bxf8 19. 0-0-0 Bg7 20. Ng4 Bxb2+ 21. Kxb2 Bxg4 22. hxg4 Rxh1 23. Rxh1 Ke7 24. a4 Nd7 25. Rh3 Ne5 26. Rg3 Rg8 27. g5 c5 28. d4 cxd4 29. exd4 Nc6 30. c3 Rg6 31. Kc2 Nd8 32. d5 0-1

[Event "Borisoglebsk Summer op"]
[Site "Borisoglebsk"]
[Date "2014.06.08"]
[Round "5"]
[White "Sukhinin, Vladislav"]
[Black "Kovalenko, Vladimir"]
[Result "0-1"]
[WhiteElo "1847"]
[BlackElo "2155"]
[PlyCount "54"]
[EventDate "2014.06.06"]
[EventType "swiss"]
[EventRounds "9"]
[EventCountry "RUS"]
[SourceTitle "EXT 2015"]
[Source "ChessBase"]
[SourceDate "2014.11.20"]
[SourceVersion "1"]
[SourceVersionDate "2014.11.20"]
[SourceQuality "1"]

1. f4 d5 2. Nf3 g6 3. e3 Bg7 4. h4 Nf6 5. Nc3 a6 6. Be2 c5 7. Ne5 d4 8. exd4 cxd4 9. Nb1 h5 10. c3 0-0 11. Qb3 Nc6 12. Nxg6 Na5 13. Qc2 fxg6 14. Qxg6 Be6 15. d3 Bf7 16. Qg5 Kh7 17. cxd4 Bh6 18. Qf5+ Bg6 19. Qe6 Nc6 20. Be3 Qd5 21. Qh3 Nxd4 22. Nc3 Qd8 23. Bxd4 Qxd4 24. g3 e5 25. f5 Bf7 26. Rf1 Rad8 27. Rd1 Rfe8 0-1

[Event "Borisoglebsk Summer op"]
[Site "Borisoglebsk"]
[Date "2014.06.06"]
[Round "2"]
[White "Sukhinin, Vladislav"]
[Black "Kochukova, Anna"]
[Result "0-1"]
[WhiteElo "1847"]
[BlackElo "1888"]
[PlyCount "92"]
[EventDate "2014.06.06"]
[EventType "swiss"]
[EventRounds "9"]
[EventCountry "RUS"]
[SourceTitle "EXT 2015"]
[Source "ChessBase"]
[SourceDate "2014.11.20"]
[SourceVersion "1"]
[SourceVersionDate "2014.11.20"]
[SourceQuality "1"]

1. f4 d5 2. Nf3 c5 3. b3 Nc6 4. Bb2 Nf6 5. e3 Bg4 6. h3 Bf5 7. g4 Bd7 8. g5 Ne4 9. Bd3 a6 10. Bxe4 dxe4 11. Ne5 Nxe5 12. Bxe5 Qc8 13. Qh5 b5 14. Nc3 Qc6 15. Ne2 Bf5 16. Ng3 e6 17. Qe2 Rd8 18. h4 Rg8 19. h5 Bd6 20. Bb2 c4 21. h6 g6 22. Kf2 Qb6 23. Bf6 Rc8 24. Kg2 Qc7 25. a4 b4 26. a5 e5 27. fxe5 Bxe5 28. Bxe5 Qxe5 29. bxc4 Be6 30. c5 Rc6 31. Ra4 Qxc5 32. Rb1 Qxg5 33. Raxb4 f5 34. Rb8+ Ke7 35. R1b7+ Kf6 36. Rxg8 Bxg8 37. Rg7 Bc4 38. d3 Qxh6 39. Rb7 Bd5 40. d4 f4 41. exf4 Qxf4 42. Rxh7 e3+ 43. Kh3 Bf3 44. Rh4 Qxh4+ 45. Kxh4 Bxe2 46. Nxe2 Rxc2 0-1

[Event "Borisoglebsk Bocharov Memorial"]
[Site "Borisoglebsk"]
[Date "2014.03.13"]
[Round "2"]
[White "Pchelintsev, Anton"]
[Black "Sukhinin, Vladislav"]
[Result "0-1"]
[WhiteElo "1697"]
[BlackElo "1828"]
[PlyCount "34"]
[EventDate "2014.03.13"]
[EventType "swiss"]
[EventRounds "9"]
[EventCountry "RUS"]
[SourceTitle "CBM 159 Extra"]
[Source "ChessBase"]
[SourceDate "2014.04.24"]
[SourceVersion "1"]
[SourceVersionDate "2014.04.24"]
[SourceQuality "1"]

1. d4 b6 2. c4 Bb7 3. Nc3 e6 4. Nf3 Bxf3 5. gxf3 Bb4 6. Bd2 Nc6 7. a3 Bd6 8. d5 Ne5 9. e4 Qh4 10. h3 Bc5 11. Qe2 Nxc4 12. 0-0-0 Nxd2 13. Rxd2 Ne7 14. Nb5 0-0 15. d6 Bxd6 16. Rxd6 cxd6 17. Kb1 Rac8 0-1

[Event "Borisoglebsk Summer op"]
[Site "Borisoglebsk"]
[Date "2013.06.29"]
[Round "3"]
[White "Marchukov, Dmitry"]
[Black "Sukhinin, Vladislav"]
[Result "1-0"]
[WhiteElo "2113"]
[BlackElo "1811"]
[PlyCount "39"]
[EventDate "2013.06.28"]
[EventType "swiss"]
[EventRounds "7"]
[EventCountry "RUS"]
[SourceTitle "EXT 2014"]
[Source "ChessBase"]
[SourceDate "2013.11.20"]
[SourceVersion "1"]
[SourceVersionDate "2013.11.20"]
[SourceQuality "1"]

1. d4 b6 2. Nf3 Bb7 3. Bf4 e6 4. Nbd2 Nc6 5. e4 Nf6 6. c3 Nh5 7. Bg3 Nxg3 8. hxg3 Ne7 9. Bd3 h6 10. Ne5 Nc6 11. Ndf3 Bd6 12. Ng4 Be7 13. Qe2 d5 14. exd5 Qxd5 15. Be4 Qa5 16. Qc4 Nb4 17. Bxb7 Nc2+ 18. Kd2 Nxa1 19. Bc6+ Kd8 20. Nge5 1-0

[Event "Borisoglebsk-ch"]
[Site "Borisoglebsk"]
[Date "2012.06.25"]
[Round "6"]
[White "Sukhinin, Vladislav"]
[Black "Ivanov, Maxim S"]
[Result "1-0"]
[WhiteElo "1812"]
[BlackElo "1905"]
[PlyCount "69"]
[EventDate "2012.06.22"]
[EventType "swiss"]
[EventRounds "7"]
[EventCountry "RUS"]
[SourceTitle "EXT 2013"]
[Source "ChessBase"]
[SourceDate "2012.11.22"]
[SourceVersion "1"]
[SourceVersionDate "2012.11.22"]
[SourceQuality "1"]

1. e4 d5 2. exd5 Nf6 3. c4 e6 4. dxe6 Bxe6 5. Nc3 Nc6 6. Nf3 Bc5 7. Be2 Qd7 8. 0-0 0-0 9. Ng5 Bf5 10. Na4 Bd4 11. Nf3 Rfe8 12. d3 Nb4 13. Nxd4 Qxd4 14. Be3 Qd8 15. Qb3 Nc6 16. Qxb7 Ne5 17. d4 Ng6 18. Bf3 Rb8 19. Qxa7 Be4 20. Bxe4 Nxe4 21. Nc5 Rxb2 22. Nxe4 Rxe4 23. Rfb1 Rxb1+ 24. Rxb1 Re8 25. Rb7 Qa8 26. Rxc7 Qxa7 27. Rxa7 Rc8 28. c5 h6 29. g3 Nf8 30. d5 Rd8 31. d6 Ne6 32. d7 Kf8 33. c6 Ke7 34. Bb6 Rb8 35. d8Q# 1-0

[Event "Borisoglebsk-ch"]
[Site "Borisoglebsk"]
[Date "2012.06.24"]
[Round "5"]
[White "Kopovaya, Aleksandra"]
[Black "Sukhinin, Vladislav"]
[Result "0-1"]
[WhiteElo "1584"]
[BlackElo "1812"]
[PlyCount "73"]
[EventDate "2012.06.22"]
[EventType "swiss"]
[EventRounds "7"]
[EventCountry "RUS"]
[SourceTitle "EXT 2013"]
[Source "ChessBase"]
[SourceDate "2012.11.22"]
[SourceVersion "1"]
[SourceVersionDate "2012.11.22"]
[SourceQuality "1"]

1. e4 d5 2. exd5 Qxd5 3. Nc3 Qa5 4. d4 e5 5. dxe5 Qxe5+ 6. Be2 Bg4 7. Be3 Bxe2 8. Ngxe2 Qd6 9. Qd2 Qxd2+ 10. Bxd2 Nc6 11. 0-0-0 0-0-0 12. Bf4 Rxd1+ 13. Rxd1 Bc5 14. f3 Nf6 15. a3 a6 16. b4 Bb6 17. Na4 Ba7 18. c4 Re8 19. Nec3 Be3+ 20. Bxe3 Rxe3 21. Kd2 Re8 22. Kc2 g5 23. Nb2 g4 24. Rf1 gxf3 25. Rxf3 Nd4+ 26. Kb1 Nxf3 27. gxf3 Re3 28. Kc2 Rxf3 29. Nbd1 Rh3 30. a4 Rxh2+ 31. Kb3 h5 32. b5 axb5 33. cxb5 h4 34. Ne3 Rh3 35. Ned1 Nd5 36. Kc4 Nxc3 37. Nxc3 0-1

[Event "Borisoglebsk Bocharov Memorial"]
[Site "Borisoglebsk"]
[Date "2012.03.29"]
[Round "2"]
[White "Sukhinin, Vladislav"]
[Black "Maruseva, Evgenia"]
[Result "0-1"]
[WhiteElo "1846"]
[BlackElo "1691"]
[PlyCount "88"]
[EventDate "2012.03.29"]
[EventType "swiss"]
[EventRounds "9"]
[EventCountry "RUS"]
[SourceTitle "EXT 2013"]
[Source "ChessBase"]
[SourceDate "2012.11.22"]
[SourceVersion "1"]
[SourceVersionDate "2012.11.22"]
[SourceQuality "1"]

1. f4 Nf6 2. Nf3 g6 3. Nc3 Bg7 4. e4 d6 5. h3 Nh5 6. Ne2 Nc6 7. g4 Nf6 8. Nc3 b6 9. Bb5 Bb7 10. d4 a6 11. Ba4 b5 12. e5 dxe5 13. fxe5 bxa4 14. exf6 Bxf6 15. d5 Nb4 16. Nxa4 Qxd5 17. Qxd5 Bxd5 18. 0-0 Nxc2 19. Rb1 Be4 20. Nc3 Bxc3 21. bxc3 Ne1 22. Rxe1 Bxb1 23. Ba3 Bxa2 24. Rxe7+ Kd8 25. Ne5 a5 26. c4 Kc8 27. Nxf7 Rf8 28. Ne5 Rf4 29. c5 Rb8 30. Re8+ Kb7 31. c6+ Ka8 32. Re7 Re4 33. Bc5 Re2 34. Bf2 Rb1+ 35. Kg2 Bd5+ 36. Kg3 Rb3+ 37. Kh4 Rxf2 38. Rxc7 Rc2 39. Rc8+ Ka7 40. Rc7+ Kb8 41. Rxh7 Bxc6 42. Nxg6 Rcc3 43. Nf4 Rf3 44. Kg5 Rb5+ 0-1